|
|
|
|
| LEADER |
00000nam0a2200000 4500 |
| 001 |
363807 |
| 005 |
20231102011627.0 |
| 035 |
|
|
|a (RuTPU)RU\TPU\retro\21154
|
| 090 |
|
|
|a 363807
|
| 100 |
|
|
|a 20211012d1980 k y0rusy50 ca
|
| 101 |
0 |
|
|a rus
|
| 102 |
|
|
|a UA
|
| 105 |
|
|
|a a z 001zy
|
| 200 |
1 |
|
|a Обобщенные функции в термоупругости
|e сборник научных трудов
|f Академия наук Украинской ССР, Институт прикладной математики и механики ; отв. ред. Ю. М. Коляно
|
| 210 |
|
|
|a Киев
|c Наукова думка
|d 1980
|
| 215 |
|
|
|a 216 с.
|c ил.
|
| 320 |
|
|
|a Библиогр. в конце ст.
|
| 606 |
1 |
|
|a Обобщенные функции
|x (математическая физика)
|2 stltpush
|3 (RuTPU)RU\TPU\subj\46422
|9 65562
|
| 606 |
1 |
|
|a Термоупругость
|2 stltpush
|3 (RuTPU)RU\TPU\subj\59976
|9 77467
|
| 610 |
1 |
|
|a применение
|
| 610 |
1 |
|
|a задачи
|
| 610 |
1 |
|
|a теплопроводность
|
| 610 |
1 |
|
|a магнитоупругие свойства
|
| 610 |
1 |
|
|a стержни
|
| 610 |
1 |
|
|a пластины
|
| 610 |
1 |
|
|a оболочки
|
| 610 |
1 |
|
|a свариваемость
|
| 610 |
1 |
|
|a трещинообразование
|
| 675 |
|
|
|a 53:517
|v 4
|
| 675 |
|
|
|a 539.377
|v 4
|
| 702 |
|
1 |
|a Коляно
|b Ю. М.
|4 340
|
| 712 |
0 |
2 |
|a Академия наук Украинской ССР
|b Институт прикладной математики и механики
|c (Донецк)
|2 stltpush
|3 (RuTPU)RU\TPU\col\14125
|9 25882
|
| 801 |
|
1 |
|a RU
|b 63413507
|c 20211012
|
| 801 |
|
2 |
|a RU
|b 63413507
|c 20211012
|g RCR
|
| 942 |
|
|
|c BK
|